Vista normal Vista MARC

Entrada Personal Name

Número de registros utilizados en: 1

001 - CONTROL NUMBER

  • control field: 2759

003 - CONTROL NUMBER IDENTIFIER

  • control field: OSt

005 - DATE AND TIME OF LATEST TRANSACTION

  • control field: 20200408002229.0

008 - FIXED-LENGTH DATA ELEMENTS

  • fixed length control field: 200408|| aca||aabn | a|a d

040 ## - CATALOGING SOURCE

  • Original cataloging agency: OSt
  • Transcribing agency: OSt

100 ## - HEADING--PERSONAL NAME

  • Personal name: Isunza Vera, Ernesto,

670 ## - SOURCE DATA FOUND

  • Source citation: Work cat.: (OSt)5172: Isunza Vera, Ernesto, coordinador, Democratización, rendición de cuentas y sociedad civil : , 2006